Being an information innovator.
| Format: | Book |
|---|---|
| Published: |
London:
Facet Publishing,
2011.
|
| LEADER | 00246cam a2200085 7i4500 | ||
|---|---|---|---|
| 001 | 0000026111 | ||
| 005 | 20131111090000.0 | ||
| 245 | 0 | 0 | |a Being an information innovator. |
| 260 | 0 | 0 | |a London: |b Facet Publishing, |c 2011. |
| 999 | |a B000028541 |b Book |c Book |e Business Information Centre | ||